| 000 | 00651nam a2200277Ia 4500 | ||
|---|---|---|---|
| 005 | 20260324131313.0 | ||
| 008 | 008 260324s9999 xx 000 0 eng d | ||
| 020 | _a9781003060697 | ||
| 037 | _aEBOOK | ||
| 040 | _aCRL | ||
| 040 | _beng | ||
| 040 | _cCRL | ||
| 041 | _2eng | ||
| 041 | _aeng | ||
| 084 | _qCRL | ||
| 100 |
_aRob Paton; Leslie Budd; Julie Charlesworth _91185004 |
||
| 245 | 0 | _aMaking Policy Happen | |
| 260 | _bTaylor and Francis | ||
| 260 | _c2006 | ||
| 365 | _a | ||
| 365 | _b300 | ||
| 856 | _uhttp://www.taylorfrancis.com/books/9781003060697 | ||
| 942 | _cEBOOK | ||
| 999 |
_c1782026 _d1782026 |
||